000 01345nam a2200349Ia 4500
001 ebr10159397
003 CaPaEBR
006 m u
007 cr cn|||||||||
008 931109s1994 mnu sb s001 0 eng d
010 _z 93043616
020 _z9780816623914
020 _z0816623902 (alk. paper)
020 _z0816623910 (pbk. : alk. paper)
040 _aCaPaEBR
_cCaPaEBR
035 _a(OCoLC)191935402
050 1 4 _aHX289.7.G73
_bL36 1994eb
082 0 4 _a335.43/092
_220
100 1 _aLandy, Marcia,
_d1931-
245 1 0 _aFilm, politics, and Gramsci
_h[electronic resource] /
_cMarcia Landy ; foreword by Paul Bove.
260 _aMinneapolis :
_bUniversity of Minnesota Press,
_cc1994.
300 _axxv, 280 p.
504 _aIncludes bibliographical references (p. [263]-270) and index.
533 _aElectronic reproduction.
_bPalo Alto, Calif. :
_cebrary,
_d2009.
_nAvailable via World Wide Web.
_nAccess may be limited to ebrary affiliated libraries.
600 1 0 _aGramsci, Antonio,
_d1891-1937.
650 0 _aCommunism and culture.
650 0 _aPolitics and culture.
650 0 _aMotion pictures.
655 7 _aElectronic books.
_2local
710 2 _aebrary, Inc.
856 4 0 _uhttp://site.ebrary.com/lib/rucke/Doc?id=10159397
_zAn electronic book accessible through the World Wide Web; click to view
999 _c244581
_d244581